Az arcmaszkviseléssel összefüggő száraz szem betegség megjelenése Covid-19-pandémia alatt [Face Mask Associated Dry Eye Syndrome During the COVID-19 Pandemic]

Elmentve itt :
Bibliográfiai részletek
Szerző: Sohár Nicolette
Dokumentumtípus: Cikk
Megjelent: 2021
Sorozat:LEGE ARTIS MEDICINAE 31 No. 7
Tárgyszavak:
doi:10.33616/lam.31.021

mtmt:36300245
Online Access:http://publicatio.bibl.u-szeged.hu/37910
LEADER 00780nab a2200205 i 4500
001 publ37910
005 20251008093936.0
008 251008s2021 hu o 000 hun d
022 |a 0866-4811 
024 7 |a 10.33616/lam.31.021  |2 doi 
024 7 |a 36300245  |2 mtmt 
040 |a SZTE Publicatio Repozitórium  |b hun 
041 |a hun 
100 1 |a Sohár Nicolette 
245 1 3 |a Az arcmaszkviseléssel összefüggő száraz szem betegség megjelenése Covid-19-pandémia alatt [Face Mask Associated Dry Eye Syndrome During the COVID-19 Pandemic]  |h [elektronikus dokumentum] /  |c  Sohár Nicolette 
260 |c 2021 
300 |a 281-285 
490 0 |a LEGE ARTIS MEDICINAE  |v 31 No. 7 
650 4 |a Klinikai orvostan 
856 4 0 |u http://publicatio.bibl.u-szeged.hu/37910/1/Sohar.pdf  |z Dokumentum-elérés